[Event "43rd Olympiad 2018"]
[Site "Batumi GEO"]
[Date "2018.09.24"]
[Round "1.2"]
[Board "4"]
[White "Jakovenko, Dmitry"]
[Black "Nsubuga, Haruna"]
[Result "1-0"]
[WhiteTitle "GM"]
[BlackTitle "FM"]
[WhiteElo "2747"]
[BlackElo "2222"]
[WhiteTeam "Russia"]
[BlackTeam "Uganda"]
[WhiteFideId "4122356"]
[BlackFideId "10000569"]
[EventDate "2018.09.24"]

1. e4 c6 2. d4 d5 3. e5 Bf5 4. Nf3 e6 5. Be2 h6 6. O-O Ne7 7. Nbd2 Ng6 8. Nb3
Be7 9. Ne1 Nf8 10. Be3 Nfd7 11. g4 Bh7 12. f4 Na6 13. Rc1 Nb6 14. Na5 Qc7 15. c3
Nd7 16. b4 Nab8 17. f5 c5 18. c4 cxb4 19. fxe6 Qxa5 20. cxd5 O-O 21. d6 Bxd6 22.
exd6 fxe6 23. Rxf8+ Nxf8 24. Rc8 Qd5 25. Bc4 Qe4 26. Qf3 Nd7 27. Rxa8 b5 28.
Qxe4 Bxe4 29. Bxe6+ Kh7 30. Rxa7 1-0

[Event "43rd Olympiad 2018"]
[Site "Batumi GEO"]
[Date "2018.09.24"]
[Round "1.10"]
[Board "4"]
[White "Lorenzana, Wilson Estuardo"]
[Black "Dragun, Kamil"]
[Result "0-1"]
[WhiteTitle "IM"]
[BlackTitle "GM"]
[WhiteElo "2292"]
[BlackElo "2568"]
[WhiteTeam "Guatemala"]
[BlackTeam "Poland"]
[WhiteFideId "7300239"]
[BlackFideId "1134167"]
[EventDate "2018.09.24"]

1. e4 c5 2. Nf3 e6 3. d4 cxd4 4. Nxd4 a6 5. Nc3 Qc7 6. g3 Bb4 7. Ne2 Nf6 8. Bg2
Be7 9. O-O d6 10. h3 Nc6 11. a4 b6 12. Bf4 Bb7 13. g4 Ne5 14. Ng3 h6 15. Qe2 g5
16. Bc1 Ng6 17. Rd1 Nf4 18. Bxf4 gxf4 19. Nf1 h5 20. Rd4 hxg4 21. hxg4 Nd7 22.
Rc4 Qd8 23. Rd1 Ne5 24. Rcd4 Bf8 25. f3 Qc7 26. Nd2 Rc8 27. Bf1 Qd8 28. Bg2 Nc6
29. Rd3 Nb4 30. Nb3 Nxd3 31. Rxd3 Bg7 32. Nd1 Qc7 33. c3 Bc6 34. Nd4 Bxa4 35.
Nf2 Bb5 36. Nxb5 axb5 37. Rd1 Qc5 38. Kf1 Be5 39. Nd3 Qc4 40. Ra1 Ke7 41. Kg1
Ra8 42. Rc1 b4 43. cxb4 Qd4+ 44. Kf1 Rhc8 45. Rd1 Qe3 0-1

[Event "43rd Olympiad 2018"]
[Site "Batumi GEO"]
[Date "2018.09.24"]
[Round "1.16"]
[Board "1"]
[White "Zhigalko, Sergei"]
[Black "Lim, Zhuo Ren"]
[Result "1-0"]
[WhiteTitle "GM"]
[BlackTitle "FM"]
[WhiteElo "2610"]
[BlackElo "2182"]
[WhiteTeam "Belarus"]
[BlackTeam "Malaysia"]
[WhiteFideId "13502956"]
[BlackFideId "5702488"]
[EventDate "2018.09.24"]

1. e4 c5 2. Nf3 d6 3. Bb5+ Nd7 4. O-O Nf6 5. Re1 a6 6. Bxd7+ Bxd7 7. e5 dxe5 8.
Nxe5 Be6 9. Nc3 g6 10. Qf3 Bd5 11. Ng4 Nxg4 12. Nxd5 Qd6 13. h3 Ne5 14. Rxe5
Qxe5 15. d4 Qe1+ 16. Kh2 Rc8 17. c4 cxd4 18. Qb3 b5 19. cxb5 Qxf2 20. bxa6 Bg7
21. Qb5+ Kf8 22. Bf4 g5 23. Qb7 Re8 24. Bg3 Qf5 25. Re1 e5 26. a7 Qc8 27. Qb4+
Kg8 28. Ne7+ Rxe7 29. Qxe7 h6 30. Rc1 1-0

[Event "43rd Olympiad 2018"]
[Site "Batumi GEO"]
[Date "2018.09.24"]
[Round "1.18"]
[Board "4"]
[White "Christie, Joshua"]
[Black "Cruz, Cristhian"]
[Result "0-1"]
[WhiteTitle "FM"]
[BlackTitle "GM"]
[WhiteElo "2198"]
[BlackElo "2571"]
[WhiteTeam "Jamaica"]
[BlackTeam "Peru"]
[WhiteFideId "7402074"]
[BlackFideId "3801969"]
[EventDate "2018.09.24"]

1. d4 Nf6 2. c4 e6 3. Nc3 Bb4 4. e3 b6 5. Bd3 Bb7 6. Ne2 Bxg2 7. Rg1 Be4 8. a3
Bxd3 9. Qxd3 Bf8 10. e4 d6 11. Be3 Nbd7 12. f4 g6 13. O-O-O Bg7 14. e5 Nh5 15.
d5 exd5 16. exd6 cxd6 17. Bd4 O-O 18. Bxg7 Nxg7 19. Qxd5 Qh4 20. Qxd6 Nf6 21. c5
bxc5 22. Qxc5 Ne4 23. Qe3 Nxc3 24. Nxc3 Rac8 25. Kb1 Rfe8 26. Qg3 Qf6 27. Qg5
Qf5+ 28. Ka1 h6 29. Qxf5 Nxf5 30. Rd7 a6 31. Rgd1 h5 32. Ra7 Rc6 33. Rdd7 Nh6
34. Nd5 Kg7 35. Nc7 Re2 36. Rxa6 Rxa6 37. Nxa6 Rxh2 38. b4 h4 39. b5 Rg2 40. Rd1
h3 41. b6 h2 42. b7 Rg1 43. b8=Q Rxd1+ 44. Ka2 Rd2+ 45. Kb3 h1=Q 46. Qe5+ Kh7
47. Nb4 Qd1+ 48. Kc3 Nf5 49. Qe8 Rd7 0-1

[Event "43rd Olympiad 2018"]
[Site "Batumi GEO"]
[Date "2018.09.24"]
[Round "1.19"]
[Board "2"]
[White "Peralta, Fernando"]
[Black "Mushore, Emarald Takudzwa"]
[Result "1-0"]
[WhiteTitle "GM"]
[WhiteElo "2569"]
[BlackElo "2152"]
[WhiteTeam "Argentina"]
[BlackTeam "Zimbabwe"]
[WhiteFideId "105309"]
[BlackFideId "11309504"]
[EventDate "2018.09.24"]

1. d4 Nf6 2. c4 e6 3. Nc3 Bb4 4. e3 O-O 5. Bd3 d5 6. cxd5 exd5 7. Ne2 c5 8. O-O
Nc6 9. a3 cxd4 10. axb4 dxc3 11. b5 Ne5 12. Nxc3 Nxd3 13. Qxd3 Re8 14. f3 Qb6
15. Ne2 Be6 16. Bd2 Bd7 17. Nd4 a6 18. bxa6 Rxa6 19. Rxa6 bxa6 20. Bc3 a5 21.
Qd2 a4 22. Rc1 Rc8 23. Ne2 h6 24. Nf4 Rc4 25. Bxf6 Rxc1+ 26. Qxc1 Qxf6 27. Nxd5
Qe5 28. Nc3 Qa5 29. h3 Be6 30. Ne2 Qg5 31. Kf1 Qb5 32. Kf2 Qb6 33. Qc3 Qd8 34.
Nd4 Bd7 35. Qb4 Qh4+ 36. Kf1 Qg3 37. Ne2 Qe5 38. Qd4 Qb5 39. Kf2 Qf5 40. Nf4 Bb5
41. Qc3 Qb1 42. Kg3 Qf5 43. Kh2 Bd7 44. Qd4 Qb5 45. Nd5 Be6 46. Ne7+ Kf8 47. Qd6
Qd7 48. Ng6+ Kg8 49. Qb8+ 1-0

[Event "43rd Olympiad 2018"]
[Site "Batumi GEO"]
[Date "2018.09.24"]
[Round "1.22"]
[Board "1"]
[White "Maghsoodloo, Parham"]
[Black "Husbands, Orlando"]
[Result "1-0"]
[WhiteTitle "GM"]
[BlackTitle "IM"]
[WhiteElo "2649"]
[BlackElo "2262"]
[WhiteTeam "Iran"]
[BlackTeam "Barbados"]
[WhiteFideId "12539929"]
[BlackFideId "11101644"]
[EventDate "2018.09.24"]

1. d4 Nf6 2. c4 e6 3. Nc3 Bb4 4. e3 O-O 5. Ne2 c6 6. a3 Ba5 7. Ng3 d5 8. Bd2
Nbd7 9. cxd5 exd5 10. Bd3 Bc7 11. O-O Nb6 12. b3 Be6 13. a4 Re8 14. Re1 Nc8 15.
f3 Ne7 16. Nce2 Qd7 17. Qc2 h5 18. Nf4 Bxf4 19. exf4 h4 20. f5 hxg3 21. fxe6
gxh2+ 22. Kxh2 fxe6 23. Bf4 Nf5 24. Qf2 Kf7 25. g4 Rh8+ 26. Kg1 Ne7 27. Re3 Ng6
28. Bg3 Rag8 29. Rae1 Nf8 30. Kg2 g6 31. Be5 g5 32. Bg3 Rh6 33. b4 Qd8 34. b5
Rgh8 35. bxc6 bxc6 36. Qc2 Qb6 37. Qc3 Rh3 38. Bd6 Ne8 39. Be5 R8h6 40. Rb1 Qd8
41. Qxc6 Kg8 42. Rb7 a5 43. Bb5 Nf6 44. Rc3 1-0

[Event "43rd Olympiad 2018"]
[Site "Batumi GEO"]
[Date "2018.09.24"]
[Round "1.24"]
[Board "2"]
[White "Thilakarathne, G M H"]
[Black "Banikas, Hristos"]
[Result "0-1"]
[WhiteTitle "FM"]
[BlackTitle "GM"]
[WhiteElo "2238"]
[BlackElo "2601"]
[WhiteTeam "Sri Lanka"]
[BlackTeam "Greece"]
[WhiteFideId "9912053"]
[BlackFideId "4202031"]
[EventDate "2018.09.24"]

1. e4 c5 2. Nf3 d6 3. d4 cxd4 4. Nxd4 Nf6 5. Nc3 a6 6. Be2 e6 7. O-O Nbd7 8. f4
b5 9. Bf3 Bb7 10. a3 Qc7 11. Kh1 Be7 12. Qe1 O-O 13. g4 Nb6 14. g5 Nfd7 15. f5
exf5 16. Nxf5 Ne5 17. Bg2 Rfe8 18. Qg3 Bf8 19. Bf4 Nbc4 20. Rf2 Nxb2 21. Raf1
Nbc4 22. h4 Rac8 23. Nh6+ gxh6 24. gxh6+ Ng6 25. h5 Ne5 26. hxg6 fxg6 27. Nd5
Bxd5 28. exd5 Qc4 29. Qh3 Nf7 30. Bc1 Rc7 31. Bb2 Rce7 32. Rf6 Ng5 33. Qg3 Bxh6
34. Qxd6 Bg7 35. R6f4 Ne4 36. Bxe4 Rxe4 37. Bxg7 Rxf4 38. Rxf4 Re1+ 39. Kg2 Qe2+
40. Rf2 Qg4+ 41. Kh2 Qg1+ 42. Kh3 Qxf2 0-1

[Event "43rd Olympiad 2018"]
[Site "Batumi GEO"]
[Date "2018.09.24"]
[Round "1.58"]
[Board "2"]
[White "Brookfield, Toby"]
[Black "Rizouk, Aimen"]
[Result "0-1"]
[WhiteTitle "CM"]
[BlackTitle "GM"]
[WhiteElo "1873"]
[BlackElo "2445"]
[WhiteTeam "Guernsey"]
[BlackTeam "Algeria"]
[WhiteFideId "10700234"]
[BlackFideId "7900309"]
[EventDate "2018.09.24"]

1. e4 e5 2. f4 exf4 3. Bc4 Nf6 4. Nc3 c6 5. d4 Bb4 6. Ne2 Nxe4 7. O-O d5 8. Nxe4
dxc4 9. Bxf4 O-O 10. c3 Be7 11. N2g3 Be6 12. Qh5 Qd5 13. Qe2 Nd7 14. Rae1 Rae8
15. Qd2 Rd8 16. Bc7 Rc8 17. Bf4 Rfe8 18. Ng5 Bxg5 19. Bxg5 f6 20. Bf4 Bf7 21.
Be3 Bg6 22. Ne2 Be4 23. Nf4 Qb5 24. Rf2 Nb6 25. Qd1 Re7 26. Nh5 Bg6 27. Nf4 Rce8
28. Nxg6 hxg6 29. Rfe2 Qh5 30. Kf1 Rxe3 31. Rxe3 Rxe3 0-1

[Event "43rd Olympiad 2018"]
[Site "Batumi GEO"]
[Date "2018.09.24"]
[Round "1.65"]
[Board "2"]
[White "Mohammad Fahad, Rahman"]
[Black "Salvadora, Angelo"]
[Result "1-0"]
[WhiteTitle "FM"]
[WhiteElo "2263"]
[BlackElo "1772"]
[WhiteTeam "Bangladesh"]
[BlackTeam "Palau"]
[WhiteFideId "10207791"]
[BlackFideId "16601491"]
[EventDate "2018.09.24"]

1. e4 e5 2. Nf3 d5 3. Nxe5 dxe4 4. Bc4 Nh6 5. d4 Be6 6. Bxe6 fxe6 7. Bxh6 Qf6 8.
Be3 Na6 9. Nc3 Bb4 10. O-O O-O-O 11. Nxe4 Qf5 12. Qg4 Qxg4 13. Nxg4 h5 14. Ne5
Rhg8 15. Ng5 Rde8 16. c4 Bd6 17. a3 c5 18. Ngf7 Bxe5 19. dxe5 Re7 20. Nd6+ Kb8
21. h4 b6 22. Rab1 Nc7 23. b4 cxb4 24. axb4 Ne8 25. c5 Nxd6 26. exd6 Rd7 27. c6
Rxd6 28. Bf4 Kc7 29. Rfd1 Rd8 30. b5 a6 31. bxa6 Kxc6 32. Rxd6+ Rxd6 33. Bxd6 1-0

[Event "43rd Olympiad 2018"]
[Site "Batumi GEO"]
[Date "2018.09.24"]
[Round "1.65"]
[Board "4"]
[White "Islam, Kh. Aminul"]
[Black "Toribiong, Leif"]
[Result "1-0"]
[WhiteTitle "FM"]
[WhiteElo "2273"]
[BlackElo "1323"]
[WhiteTeam "Bangladesh"]
[BlackTeam "Palau"]
[WhiteFideId "10200975"]
[BlackFideId "16601246"]
[EventDate "2018.09.24"]

1. d4 d5 2. c4 c6 3. Nc3 Na6 4. cxd5 cxd5 5. Bf4 e6 6. e3 Qa5 7. Bb5+ Kd8 8. Ne2
Nf6 9. O-O Bd7 10. Bd3 Rc8 11. a3 b5 12. h3 h6 13. a4 b4 14. Nb5 Qb6 15. a5 Qb7
16. Nd6 Bxd6 17. Bxd6 Ne4 18. Bh2 b3 19. f3 Nd2 20. Qxd2 Nb4 21. Rfc1 Rxc1+ 22.
Rxc1 Nxd3 23. Qxd3 Bb5 24. Qxb3 Kd7 25. Rc7+ Qxc7 26. Bxc7 Kxc7 27. Qxb5 Rb8 28.
Qc5+ Kd7 29. Qxa7+ Kc8 30. Qxf7 Rxb2 31. Nf4 Ra2 32. Nxe6 Kb8 33. Qc7+ Ka8 34.
Nd8 Rb2 35. Nc6 Rb7 36. Qc8+ Rb8 37. Qa6# 1-0

[Event "43rd Olympiad 2018"]
[Site "Batumi GEO"]
[Date "2018.09.25"]
[Round "2.11"]
[Board "1"]
[White "Mareco, Sandro"]
[Black "Cofre Archibold, Nestor"]
[Result "1-0"]
[WhiteTitle "GM"]
[BlackTitle "FM"]
[WhiteElo "2649"]
[BlackElo "2346"]
[WhiteTeam "Argentina"]
[BlackTeam "Mexico"]
[WhiteFideId "112275"]
[BlackFideId "5122279"]
[EventDate "2018.09.24"]

1. d4 Nf6 2. c4 e6 3. Nc3 Bb4 4. e3 O-O 5. Ne2 d5 6. a3 Bd6 7. Ng3 c5 8. dxc5
Bxc5 9. b4 Be7 10. cxd5 exd5 11. Bd3 Nc6 12. O-O Bg4 13. Nce2 Ne4 14. Bb2 Rc8
15. Bxe4 dxe4 16. Qb1 Bxe2 17. Nxe2 Re8 18. Rd1 Bd6 19. Ng3 Qc7 20. Rd5 Re6 21.
Qd1 Bxg3 22. hxg3 Rce8 23. Rc1 Qb6 24. Qg4 g6 25. Qf4 a5 26. Rd7 Ne7 27. Rcc7 f6
28. Rxb7 Qc6 29. b5 Qc2 30. Bxf6 Nf5 31. Rg7+ 1-0

[Event "43rd Olympiad 2018"]
[Site "Batumi GEO"]
[Date "2018.09.25"]
[Round "2.11"]
[Board "3"]
[White "Peralta, Fernando"]
[Black "Dominguez Aguilar, Guillermo"]
[Result "1-0"]
[WhiteTitle "GM"]
[BlackTitle "IM"]
[WhiteElo "2569"]
[BlackElo "2324"]
[WhiteTeam "Argentina"]
[BlackTeam "Mexico"]
[WhiteFideId "105309"]
[BlackFideId "5105439"]
[EventDate "2018.09.24"]

1. d4 Nf6 2. c4 e6 3. Nc3 Bb4 4. e3 c5 5. Ne2 b6 6. a3 Ba5 7. Rb1 Na6 8. Ng3 Bb7
9. f3 O-O 10. Bd3 cxd4 11. exd4 Bxc3+ 12. bxc3 d5 13. cxd5 Nxd5 14. Qd2 f5 15.
O-O Nac7 16. c4 Ne7 17. Bb2 Ng6 18. Rfe1 Nh4 19. d5 exd5 20. cxd5 Bxd5 21. Rbd1
f4 22. Qc3 Rf7 23. Nf5 Nxf5 24. Bxf5 Qf8 25. Re5 Rd8 26. Qd3 g6 27. Bg4 Qc5+ 28.
Kh1 b5 29. h4 Kf8 30. Bc3 Kg8 31. Ba5 Re7 32. Bxc7 1-0

[Event "43rd Olympiad 2018"]
[Site "Batumi GEO"]
[Date "2018.09.25"]
[Round "2.14"]
[Board "1"]
[White "Wiedenkeller, Michael"]
[Black "Maghsoodloo, Parham"]
[Result "1/2-1/2"]
[WhiteTitle "IM"]
[BlackTitle "GM"]
[WhiteElo "2464"]
[BlackElo "2649"]
[WhiteTeam "Luxembourg"]
[BlackTeam "Iran"]
[WhiteFideId "1700146"]
[BlackFideId "12539929"]
[EventDate "2018.09.24"]

1. d4 Nf6 2. c4 e6 3. Nc3 Bb4 4. e3 O-O 5. Ne2 c6 6. a3 Ba5 7. Qc2 d5 8. Ng3
Nbd7 9. Be2 dxc4 10. Bxc4 e5 11. O-O exd4 12. exd4 Bc7 13. Bg5 Nb6 14. Nce4 Qxd4
15. Bxf6 Qxc4 16. Qd2 Qd5 17. Qc3 Qe6 18. Bxg7 Nd5 19. Nf6+ Qxf6 20. Qxf6 Nxf6
21. Bxf6 Bd8 22. Bc3 f5 23. Rfe1 f4 24. Ne4 b6 25. Rad1 Bf5 26. Rd6 c5 27. f3
Bh4 28. g3 fxg3 29. hxg3 Be7 30. Nf6+ Kf7 31. Rd5 Be6 32. Rde5 Bxf6 33. Rxe6
Bxc3 34. bxc3 Kg7 35. Kf2 Rad8 36. a4 Rd2+ 37. R1e2 Rd3 38. R2e3 Rd2+ 39. Re2
Rd3 40. R6e3 Rd1 41. f4 Ra1 42. Re4 h5 43. Rd2 Rf7 44. Rd5 Ra3 45. Rxh5 Rxc3 46.
Rg5+ Kf6 47. g4 Rd7 48. Rf5+ Kg7 49. Rg5+ Kf6 50. Rf5+ 1/2-1/2

[Event "43rd Olympiad 2018"]
[Site "Batumi GEO"]
[Date "2018.09.25"]
[Round "2.14"]
[Board "2"]
[White "Idani, Pouya"]
[Black "Berend, Fred"]
[Result "1-0"]
[WhiteTitle "GM"]
[BlackTitle "IM"]
[WhiteElo "2589"]
[BlackElo "2358"]
[WhiteTeam "Iran"]
[BlackTeam "Luxembourg"]
[WhiteFideId "12510130"]
[BlackFideId "4000102"]
[EventDate "2018.09.24"]

1. d4 Nf6 2. c4 e6 3. Nc3 Bb4 4. e3 O-O 5. Ne2 c6 6. a3 Ba5 7. Bd2 d5 8. cxd5
exd5 9. Ng3 Re8 10. Bd3 Nbd7 11. O-O Nf8 12. f3 h5 13. Qe1 g6 14. Nxd5 Nxd5 15.
Bxa5 Qe7 16. e4 Nf4 17. Qe3 N8e6 18. Bc4 h4 19. Bxe6 hxg3 20. Qxf4 gxh2+ 21. Kf2
Bxe6 22. Rh1 f6 23. Rxh2 g5 24. Qg3 Kg7 25. Bb4 Qf7 26. Bc3 Qg6 27. Rah1 Rh8 28.
Rxh8 Rxh8 29. Rxh8 Kxh8 30. Qb8+ Qg8 31. Qxb7 Qh7 32. Qxc6 Qd7 33. Qa6 Qc8 34.
Qxa7 Kg8 35. d5 Bf7 36. Qd4 Qa6 37. d6 1-0

[Event "43rd Olympiad 2018"]
[Site "Batumi GEO"]
[Date "2018.09.25"]
[Round "2.17"]
[Board "4"]
[White "Mabusela, Johannes Manyedi"]
[Black "Markoja, Boris"]
[Result "0-1"]
[WhiteTitle "IM"]
[BlackTitle "IM"]
[WhiteElo "2245"]
[BlackElo "2456"]
[WhiteTeam "South Africa"]
[BlackTeam "Slovenia"]
[WhiteFideId "14300702"]
[BlackFideId "14608502"]
[EventDate "2018.09.24"]

1. d4 d5 2. c4 e6 3. Nc3 Bb4 4. e3 Nf6 5. Ne2 dxc4 6. a3 Ba5 7. Qa4+ Nc6 8. Qxc4
e5 9. dxe5 Nxe5 10. Qb5+ Nfd7 11. Nd4 c6 12. Qa4 O-O 13. Be2 c5 14. Nf3 Nxf3+
15. gxf3 Bxc3+ 16. bxc3 Ne5 17. Qe4 Qf6 18. Bb2 Bf5 19. Qf4 Ng6 20. Qa4 Rfd8 21.
Qb3 Nh4 22. Rg1 Qd6 23. Rg3 Qd2+ 24. Kf1 Bd3 25. Bxd3 Qxd3+ 26. Kg1 c4 27. Qb5
Qd1+ 0-1

[Event "43rd Olympiad 2018"]
[Site "Batumi GEO"]
[Date "2018.09.25"]
[Round "2.18"]
[Board "2"]
[White "Tran, Tuan Minh"]
[Black "Noah, A .H. Al-Ali"]
[Result "1/2-1/2"]
[WhiteTitle "GM"]
[BlackTitle "IM"]
[WhiteElo "2491"]
[BlackElo "2276"]
[WhiteTeam "Vietnam"]
[BlackTeam "Iraq"]
[WhiteFideId "12401820"]
[BlackFideId "4800249"]
[EventDate "2018.09.24"]

1. d4 Nf6 2. c4 e6 3. Nc3 Bb4 4. e3 O-O 5. Bd3 Re8 6. Ne2 Bf8 7. O-O d6 8. e4 e5
9. f3 exd4 10. Nxd4 c6 11. Kh1 Nbd7 12. Bc2 Nb6 13. Qd3 Nfd7 14. b3 g6 15. Bf4
d5 16. cxd5 cxd5 17. Ndb5 Nc5 18. Qd2 Ne6 19. Rad1 a6 20. Nd4 Nxf4 21. Qxf4 Bd6
22. Qh6 Qc7 23. Nxd5 Nxd5 24. exd5 Bd7 25. Be4 Re5 26. g4 Rae8 27. Rg1 Qd8 28.
Nf5 Bf8 29. Qf4 Qf6 30. Nh6+ Kg7 31. Qd2 Rxe4 32. fxe4 Qf3+ 33. Rg2 Rxe4 34. Rc1
Bd6 35. Nf5+ Bxf5 36. gxf5 Qxf5 37. Rf2 Qh5 38. Rcf1 f5 39. Qc3+ Be5 40. Qc5 Qh3
41. Qe7+ Kh6 42. Rg1 Qe3 43. Rfg2 Qf3 44. Qg5+ Kg7 45. Qe7+ Kh6 46. Qg5+ Kg7 47.
Qe7+ 1/2-1/2

[Event "43rd Olympiad 2018"]
[Site "Batumi GEO"]
[Date "2018.09.25"]
[Round "2.21"]
[Board "4"]
[White "Mamedov, Rauf"]
[Black "Brunello, Sabino"]
[Result "1-0"]
[WhiteTitle "GM"]
[BlackTitle "GM"]
[WhiteElo "2699"]
[BlackElo "2552"]
[WhiteTeam "Azerbaijan"]
[BlackTeam "Italy"]
[WhiteFideId "13401653"]
[BlackFideId "813613"]
[EventDate "2018.09.24"]

1. e4 c5 2. Nf3 d6 3. Bb5+ Nd7 4. c3 Nf6 5. Qe2 a6 6. Ba4 e5 7. O-O Be7 8. d4 b5
9. Bc2 O-O 10. d5 Re8 11. a4 Rb8 12. axb5 axb5 13. b4 c4 14. g3 Nf8 15. Nh4 Bh3
16. Rd1 Ra8 17. Rxa8 Qxa8 18. Nf5 Bxf5 19. exf5 N8d7 20. g4 h6 21. h4 Nh7 22. f6
Bxf6 23. g5 hxg5 24. Bxh7+ Kxh7 25. hxg5 Bd8 26. Nd2 Rh8 27. Ne4 Be7 28. g6+
fxg6 29. Qg4 Nf8 30. Bg5 Bxg5 31. Qxg5 Qc8 32. Nxd6 Qh3 33. Nf7 Qf3 34. Qh4+ Kg8
35. Qxh8+ Kxf7 36. Ra1 Nd7 37. Qh4 Nf6 38. Qg5 Ng4 39. Ra7+ Kg8 40. Qd8+ Kh7 41.
Qh4+ Nh6 42. d6 Qd1+ 43. Kh2 Qxd6 44. Qe7 Ng4+ 45. Kg3 Qf6 46. Qxf6 Nxf6 47. Kf3
g5 48. Ra5 g4+ 49. Kg2 Ne4 50. Rxb5 Nxc3 51. Rc5 1-0

[Event "43rd Olympiad 2018"]
[Site "Batumi GEO"]
[Date "2018.09.25"]
[Round "2.41"]
[Board "3"]
[White "Jones, Gawain C B"]
[Black "Beukema, Stefan"]
[Result "1-0"]
[WhiteTitle "GM"]
[BlackTitle "IM"]
[WhiteElo "2677"]
[BlackElo "2396"]
[WhiteTeam "England"]
[BlackTeam "Belgium"]
[WhiteFideId "409561"]
[BlackFideId "1024523"]
[EventDate "2018.09.24"]

1. d4 f5 2. Bg5 h6 3. Bh4 g5 4. e3 Nf6 5. Bg3 d6 6. Nc3 e6 7. h4 Rg8 8. hxg5
hxg5 9. Qd2 Qe7 10. O-O-O Nc6 11. f3 Bd7 12. e4 f4 13. Bf2 a6 14. Nge2 O-O-O 15.
d5 exd5 16. exd5 Ne5 17. Qd4 c5 18. dxc6 Bxc6 19. Qa7 g4 20. Bb6 Re8 21. Nd4 d5
22. Nxc6 Nxc6 23. Qa8+ Nb8 24. Bd3 Qe6 25. Rhe1 Qxe1 26. Bf5+ Qe6 27. Bxe6+ Rxe6
28. Bd4 Nd7 29. Nxd5 gxf3 30. gxf3 Rg2 31. a4 Ree2 32. Kb1 Rxc2 33. Nxf4 Rh2 34.
Re1 Bd6 35. Re8+ Kc7 36. Ne6+ 1-0

[Event "43rd Olympiad 2018"]
[Site "Batumi GEO"]
[Date "2018.09.25"]
[Round "2.54"]
[Board "4"]
[White "Abera, Aydagnuhem Gezachew"]
[Black "Burgos Figueroa, Carlos E."]
[Result "0-1"]
[WhiteTitle "CM"]
[BlackTitle "IM"]
[WhiteElo "2116"]
[BlackElo "2222"]
[WhiteTeam "Ethiopia"]
[BlackTeam "El Salvador"]
[WhiteFideId "10801839"]
[BlackFideId "6700187"]
[EventDate "2018.09.24"]

1. d4 c5 2. d5 e5 3. dxe6 fxe6 4. e4 d5 5. exd5 exd5 6. Qh5+ g6 7. Qe5+ Qe7 8.
Nf3 Nc6 9. Bb5 Bg7 10. Qxe7+ Nxe7 11. O-O O-O 12. c3 Bg4 13. Be2 Rae8 14. Na3
Nf5 15. Bd1 Nd6 16. Nc2 h6 17. Ne3 Be6 18. Bb3 d4 19. cxd4 cxd4 20. Nd5 Na5 21.
Nc7 Nxb3 22. axb3 Re7 23. Nxe6 Rxe6 24. Rxa7 g5 25. h3 Re2 26. Ne1 Ne4 27. Nd3
Nd2 28. Bxd2 Rxd2 29. Nc5 Rf7 30. Rxb7 Rxb7 31. Nxb7 d3 32. Nc5 Bd4 33. b4 Rxf2
34. Nxd3 Rd2+ 35. Nf2 h5 36. g4 h4 37. Kg2 Rxb2 38. Kf3 Kg7 39. Nd3 Rh2 40. Ke4
Bb6 41. Rf3 Bc7 42. Kf5 Bg3 43. Kxg5 Rxh3 44. Nf4 Bxf4+ 45. Rxf4 Rh1 46. Rc4 h3
47. Rc7+ Kf8 48. Rc8+ Kg7 49. Rc7+ Kf8 50. Rc2 Rb1 51. Kf6 Rf1+ 52. Kg6 Rf4 53.
g5 Rxb4 54. Rc8+ Ke7 55. Rh8 Rb3 56. Kg7 Ke6 57. Rh4 Kf5 58. g6 Kg5 59. Ra4 Rb7+
60. Kf8 Kxg6 61. Ra3 Rb8+ 62. Ke7 Rh8 63. Rg3+ Kf5 64. Rg1 h2 0-1

[Event "43rd Olympiad 2018"]
[Site "Batumi GEO"]
[Date "2018.09.25"]
[Round "2.70"]
[Board "3"]
[White "Ramos, Efren Andres"]
[Black "Salvadora, Angelo"]
[Result "1-0"]
[WhiteElo "2244"]
[BlackElo "1772"]
[WhiteTeam "Panama"]
[BlackTeam "Palau"]
[WhiteFideId "6100538"]
[BlackFideId "16601491"]
[EventDate "2018.09.24"]

1. d4 d5 2. c4 Bf5 3. Nc3 e6 4. Nf3 f6 5. Nh4 Bg4 6. h3 Bh5 7. Qb3 Nc6 8. cxd5
exd5 9. e3 Bb4 10. Bb5 Bxc3+ 11. bxc3 Ne7 12. Ba3 O-O 13. g4 Be8 14. Bxc6 Bxc6
15. Nf5 Nxf5 16. Bxf8 Nxd4 17. cxd4 Qxf8 18. O-O Qe8 19. Rac1 Kh8 20. f3 a5 21.
Rfe1 a4 22. Qd3 Bb5 23. Qb1 c6 24. e4 Qb8 25. Kg2 Qf4 26. exd5 Qxd4 27. Rcd1 Qb6
28. d6 Rf8 29. d7 Qd8 30. Qb4 Rg8 31. Qd6 c5 32. Qxc5 Bc6 33. Re7 h6 34. Qd6
Bxd7 35. Rxd7 Qe8 36. Qe7 Qc8 37. Rc7 Qa8 38. Rdd7 Qa6 39. Rd8 1-0